000 00841nam a2200205Ia 4500
003 GCL
005 20240530102752.0
008 140319s9999 xx 000 0 ara d
040 _aGCL /
_cGCL
082 0 4 _a811.4
_bو ت
100 1 _aعبدالصاحب عمران الدجيلى
245 1 0 _aتخميس مقصورة ابن دريد الازدى المتوفى سنة 321 هـ فى رثاء الامام ابى عبدالله الحسين بن على عليهما السلام /
_cعبدالصاحب عمران الدجيلى
260 _a[S.N] :
_bدار الكتاب اللبنانى ،
_c1977
300 _a359 ص
650 0 4 _aالادب العربى
650 0 4 _aالدولة العباسية الثانية
650 0 4 _aالرثاء
700 1 _aالوزان , موفق الدين بن عبدالله
942 _2ddc
_cBK
999 _c34522
_d34522